Normal view
MARC view
Entry Nombre personal
001 - NÚMERO DE CONTROL
- campo de control: 23672
003 - IDENTIFICADOR DEL NÚMERO DE CONTROL
- campo de control: OSt
005 - FECHA Y HORA DE LA ÚLTIMA TRANSACCIÓN
- campo de control: 20220201081529.0
008 - DATOS DE LONGITUD FIJA
- campo de control de longitud fija: 200615|| aca||aabn | a|a d
040 ## - FUENTE DE LA CATALOGACIÓN
- Centro catalogador/agencia de origen: OSt
- Centro/agencia transcriptor: OSt
100 1# - ENCABEZAMIENTO-NOMBRE DE PERSONA
- Nombre de persona: Bermúdez, Federico,
- Fechas asociadas al nombre: 1884-1921
370 ## - LUGAR ASOCIADO
- Lugar de nacimiento: San Francisco de Macorís (República Dominicana)
372 ## - CAMPO DE ACTIVIDAD
- Campo de actividad: Poeta
- Campo de actividad: Educador
- Campo de actividad: Periodista
375 ## - GÉNERO/SEXO
- Género/Sexo: Masculino
377 ## - LENGUA/LENGUAJE ASOCIADO
- Código del idioma: spa
400 1# - TRAZADO DE VÉASE--NOMBRE DE PERSONA
- Nombre de persona: Ortega, Federico Ramón Bermúdez,
- Fechas asociadas al nombre: 1884-1921
400 1# - TRAZADO DE VÉASE--NOMBRE DE PERSONA
- Nombre de persona: Bermúdez Ortega, Federico Ramón,
- Fechas asociadas al nombre: 1884-1921
670 ## - FUENTE DE DATOS ENCONTRADOS
- Cita de la fuente: Work cat.: (OSt)8795: Bermúdez Federico, (Federico Bermúdez y Ortega ) 1884-1921 23671, Los humildes /, 1968.
670 ## - FUENTE DE DATOS ENCONTRADOS
- Cita de la fuente: Todas las poesías de Federico Bermúdez, 1986
